Fußball-Quiz (schwer) - Statistiken

Allgemein
  • Dieses Quiz wurde 93 mal gespielt
  • Das Durchschnittsergebnis liegt bei 4 aus 20
Antwortstatistiken
Fragen Antwort % Korrekt
Welcher ehemalige Bundesligaspieler verletzte sich beim "Helikopterjubel"? Nicolai Müller
61%
Welcher Spieler traf beim Gruppenspiel Deutschland gegen Polen bei der WM 2006 zum 1:0 Siegtreffer? Oliver Neuville
58%
Wer war der einzige Kapitän vom FC Bayern München, der nicht deutsch war? Mark van Bommel
49%
Bei welchem aktuellen Bundesligist stand Viktor Gyökeres in der Vergangenheit unter Vertrag? FC St. Pauli
40%
Und welcher Spieler fehlte aufgrund einer Tätlichkeit nach dem Viertelfinale gegen Argentinien im Halbfinale gegen Italien? Torsten Frings
38%
Welcher ehemalige HSV-Spieler galt als "kroatischer Messi"? Alen Halilovic
33%
Wie hieß der WM Ball 2006? Teamgeist
25%
Welchem ehemaligen Bayern Spieler widmeten die Sportfreunde Stiller einen eigenen Song? Roque Santa Cruz
24%
Nach wessen Meinung sollte der Schiedsrichter Cornflakes zählen gehen? Jan Löhmannsröben
18%
Für welchen Verein gab er sein Debüt? 1. FC Köln
17%
Wer erhielt nach dem Abgang von Cristiano Ronaldo zu Juventus die Nr. 7 bei Real Madrid? Mariano Diaz
17%
Welche andere Spieler war Teil des Tauschdeals rund um Mladen Petric von Dortmund zum Hamburger SV? Mohamed Zidan
17%
Und wie hieß das Makottchenduo? Goleo und Pille
14%
Welcher ehemalige deutsche Nationalspieler spielt mit 38 Jahren unter dem Pseudonym "Jay Goppingen" für Orange Blue Star in Kalifornien? Jürgen Klinsmann
11%
Welcher Spieler erhielt beim "Hoyzer-Skandal" im manipulierten Spiel eine rote Karte? Emile Mpenza
7%
Am 11.08.2012 kam es zu einem Abbruch eines Testspiels von Fortuna Düsseldorf. Wer war der Gegner? Benfica Lissabon
6%
Wer war der älteste Debütant der Fußball Bundesliga? Faryd Mondragon
6%
Und wessen Tätlichkeit gegen den Schiedsrichter führte zum Abbruch? Luisao
6%
Und wie alt war er bei seinem Debüt? 37 Jahre
3%
Wie hieß Franz Beckenbauer bei der Stasi? Rasen 20
1%
Keine übereinstimmenden Quizze gefunden
Verteilung der Resultate
Anzahl Personen mit jedem Resultat
Perzentil nach korrekt beantworteten Fragen
Ihre Resultats-Entwicklung
Sie haben dieses Quiz noch nicht gespielt